| 000 | 01599nab a2200277 a 4500 | ||
|---|---|---|---|
| 005 | 20210219162208.0 | ||
| 008 | 991125s1985 mx 000 0 spa u | ||
| 035 | _aUPN01000199660 | ||
| 049 | _aART | ||
| 100 | 1 | _aArteaga Botello, Nelson | |
| 100 | 1 | _unelson.arteaga@flacso.edu.mx | |
| 100 | 1 | _aArzuaga Magnoni, Javier | |
| 100 | 1 | _uarzuaga.javier@gmail.com | |
| 222 | _aREVISTA MEXICANA DE SOCIOLOGIA | ||
| 245 | _aDerivas de un performance político : emergencia y fuerza de los movimientos 131 y YoSoy132 | ||
| 300 | _a115-144 | ||
| 362 | 0 | _a2014 Año 76, no. 1, ene.-mar. | |
| 520 | _aEn este artículo se examina cómo un performance político deviene en un espacio de efervescencia social que alimenta la conformación de distintos discursos binarios en una contienda electoral, y cómo esto abre las puertas al cambio político. Se pretende establecer con ello la fuerza de un evento en la estructura y la jerarquía política, es decir, la influencia que una situación performativa puede alcanzaren una escala social más amplia. Se aborda el caso concreto de los movimientos estudiantiles universitarios denominados 131 y YoSoy132. El texto muestra cómo los performances políticos pueden dar pie a la conformación de iconos y referentes de cambio social. | ||
| 653 | 0 | _aPERFORMANCE POLITICO | |
| 653 | 0 | _aMOVIMIENTOS ESTUDIANTILES | |
| 653 | 0 | _aEDUCACION SUPERIOR | |
| 653 | 0 | _aCAMPAÑA POLITICA | |
| 856 | 4 | _uhttp://www.redalyc.org/articulo.oa?id=32129681005 | |
| 856 | 4 | _uhttp://www.revistas.unam.mx/index.php/rms/article/view/43677/39588 | |
| 905 | _aArticulo | ||
| 999 |
_c171761 _d171761 |
||